| 000 | 00706nam a22002057a 4500 | ||
|---|---|---|---|
| 005 | 20100811155836.0 | ||
| 010 | _aENG-99625 | ||
| 020 |
_a9789380342139 _c120.00 |
||
| 035 | _aEN-83157 | ||
| 037 | _bDBAD/PUB | ||
| 082 | _a658.1 | ||
| 100 |
_aMary, Francis J. _911298 |
||
| 245 |
_aOrganisational Behaviour / _cby J. Francis Mary |
||
| 260 |
_aThanjavur _bAkaram _c2009 |
||
| 270 |
_aPlot No.1, Nirmala Nagar _bThanjavur _e613007 |
||
| 300 |
_a182p. _c20cm (pbk) |
||
| 650 |
_aOrganisational behaviour _911299 |
||
| 942 |
_2ddc _cEN _h658.1 _mMAR |
||
| 999 |
_c41149 _d41149 |
||